ရှမ်းရိုးမငွေတောင်တန်း ရွှေကြာပန်းတို့ပွင့်လေပြီ / (Record no. 27433)

000 -LEADER
fixed length control field 01138nam a22001817a 4500
005 - DATE AND TIME OF LATEST TRANSACTION
control field 20260127155446.0
008 - FIXED-LENGTH DATA ELEMENTS--GENERAL INFORMATION
fixed length control field 230721b ||||| |||| 00| 0 eng d
040 ## - CATALOGING SOURCE
Transcribing agency SSBUL
Modifying agency SSBUL
082 ## - DEWEY DECIMAL CLASSIFICATION NUMBER
Edition number 23
Classification number ၉၁၅.၉၁၁၆ ဘို ၁၆၀၄၉ (S-SAT)
100 ## - MAIN ENTRY--PERSONAL NAME
Personal name ဘိုသိန်း၊
Titles and words associated with a name တောင်တွင်း-။
9 (RLIN) 28269
245 ## - TITLE STATEMENT
Title ရှမ်းရိုးမငွေတောင်တန်း ရွှေကြာပန်းတို့ပွင့်လေပြီ /
Statement of responsibility, etc. တောင်တွင်းဘိုသိန်း။
260 ## - PUBLICATION, DISTRIBUTION, ETC.
Place of publication, distribution, etc. ရန်ကုန်၊
Name of publisher, distributor, etc. ဟံသာဝတီပိဋကတ်ပုံနှိပ်တိုက်၊
Date of publication, distribution, etc. ၁၉၉၂။
300 ## - PHYSICAL DESCRIPTION
Extent ၁၈၉ စာမျက်နှာ၊
Other physical details ဓာတ်ပုံများ၊
Dimensions ၂၄ စင်တီ။
500 ## - GENERAL NOTE
General note S-SAT: Dr. Prof Sai Aung Tun
650 ## - SUBJECT ADDED ENTRY--TOPICAL TERM
Source of heading or term ဒေသန္တရနှင့် ခရီးသွား
Geographic subdivision ရှမ်းပြည်နယ်။
9 (RLIN) 28270
Source of heading or term ဒေသန္တရနှင့်ခရီးသွား
Geographic subdivision မြန်မာနိုင်ငံ။
9 (RLIN) 28108
942 ## - ADDED ENTRY ELEMENTS (KOHA)
Source of classification or shelving scheme
Koha item type Book (Short term)
Holdings
Withdrawn status Lost status Source of classification or shelving scheme Damaged status Not for loan Collection code Permanent Location Current Location Shelving location Date acquired Total Checkouts Full call number Barcode Date last seen Price effective from Koha item type Accession
          Special Collections Shan State Buddhist University Library Shan State Buddhist University Library Special Collection Shelves 21/07/2023   ၉၁၅.၉၁၁၆ ဘို ၁၆၀၄၉ (S-SAT) MB00016049 21/07/2023 21/07/2023 Book (Short term) ၁၆၀၄၉ (S-SAT)

Library - 09407999929
Admin Office - 09407999979
Dean Office - 09250910768
Registrar Office - 09892297154
Email - [email protected]
Shan State Buddhist University, Phaya Phyu Taunggyi, Shan State, Myanmar.